| 000 -CABECERA |
| Longitud fija campo de control |
00612nam a2200181 a 4500 |
| 001 - NÚMERO DE CONTROL |
| Número de control |
1039 |
| 003 - IDENTIFICADOR DEL NÚMERO DE CONTROL |
| Identificador del número de control |
CDMR |
| 005 - FECHA Y HORA DE LA ÚLTIMA TRANSACCIÓN |
| Fecha y hora de la última transacción |
20131126131211.0 |
| 008 - CÓDIGOS DE INFORMACIÓN DE LONGITUD FIJA |
| Códigos de información de longitud fija |
130130s1966||||||||||||||||||||||||||||d |
| 040 ## - FUENTE DE LA CATALOGACIÓN |
| Centro catalogador de origen |
CDMR |
| Lengua de catalogación |
cat |
| Centro transcriptor |
CDMR |
| 100 1# - PUNTO DE ACCESO PRINCIPAL-NOMBRE DE PERSONA |
| Nombre de persona |
Harris, Tom C. |
| 9 (RLIN) |
820 |
| 245 13 - MENCIÓN DE TÍTULO |
| Título |
El periódico de mañana |
| Resto del título |
: reto y promesa |
| 260 ## - PUBLICACIÓN, DISTRIBUCIÓN, ETC. (PIE DE IMPRENTA) |
| Lugar de publicación, distribución, etc. |
New York |
| Fecha de publicación, distribución, etc. |
1966 |
| Nombre del editor, distribuidor, etc. |
Centro Técnico de la Sociedad Interamericana de Prensa |
| 300 ## - DESCRIPCIÓN FÍSICA |
| Extensión |
16 p. |
| 500 ## - NOTA GENERAL |
| Nota general |
Discurs de Tom C. Harris a la Secció de Miami de l'associació de periodistes professionals Sigma Delta Chi, el 16 de març de 1966 |
| 650 04 - PUNTO DE ACCESO ADICIONAL DE MATERIA - TÉRMINO DE MATERIA |
| 9 (RLIN) |
1545 |
| Término de materia o nombre geográfico como elemento inicial |
Premsa |
| 942 ## - ENTRADA DE ELEMENTOS AGREGADOS (KOHA) |
| Koha [por defecto] tipo de item |
Fullets |
| Fuente de clasificaión o esquema |
|